Normal view
MARC view
- Bohjalian, Chris.
Entry Personal Name
001 - CONTROL NUMBER
- control field: 50594
003 - CONTROL NUMBER IDENTIFIER
- control field: OSt
005 - DATE AND TIME OF LATEST TRANSACTION
- control field: 20240104164429.0
008 - FIXED-LENGTH DATA ELEMENTS
- fixed length control field: 240104|| aca||aabn | a|a d
040 ## - CATALOGING SOURCE
- Original cataloging agency: OSt
- Transcribing agency: OSt
100 ## - HEADING--PERSONAL NAME
- Personal name: Bohjalian, Chris.
670 ## - SOURCE DATA FOUND
- Source citation: Work cat.: (OSt): Bohjalian, Chris., The lioness /, ©2022.
